=LDR 00000nam 2200000 4500 =001 INLIS000000000040812 =005 20130612150353 =008 ***********************************Ind** =035 ##$$0010-061300000040812 =041 ##$$a Ind =082 ##$$a 813 =090 ##$$a 813, Spe b =100 ##$$a Spencer, Catharine =245 ##$$a Buah hati D'alessandro/ Catharine Spencer =260 ##$$a 2009 $b Gramedia Pustaka Utama =650 ##$$a Fiksi =850 ##$$a NBPNMAT =990 ##$$a 21400613/BPAP-NTB/20142014 =990 ##$$a 21400613/BPAP-NTB/20142014 =990 ##$$a 0001/BPAP-NTB/2015